[Event "Bernard Freedman Memorial 8589"]
[Site "Bernard Freedman Memorial 858"]
[Date "1985.??.??"]
[Round "?"]
[White "Hyldkrog, Lars"]
[Black "Hebert, Jean"]
[Result "1/2-1/2"]
[WhiteElo "2400"]
[BlackElo "2520"]
[PlyCount "44"]
[EventDate "1985.??.??"]
[Source "www.chesslib.no"]
[SourceDate "2004.05.04"]

1. e4 e5 2. Nf3 Nc6 3. Bb5 a6 4. Ba4 d6 5. c3 Bd7 6. d4 Nge7 7. Bb3 h6 8. Nbd2 g5 9. dxe5 dxe5 10. Nc4 Ng6 11. Ne3 Bg7 12. O-O O-O 13. Nf5 Nce7 14. Nxg7 Kxg7 15. Be3 Bc6 16. Nd2 Qd7 17. Nc4 Qxd1 18. Raxd1 Bxe4 19. Rd7 Bc6 20. Nxe5 Bxd7 21. Nxd7 Rfd8 22. Bd4+ Kg8 1/2-1/2

[Event "Loosdorf Open"]
[Site "Loosdorf"]
[Date "1993.??.??"]
[Round "5"]
[White "Novik, Maxim"]
[Black "Lanc, Alois"]
[Result "1/2-1/2"]
[WhiteElo "2475"]
[BlackElo "2445"]
[PlyCount "38"]
[EventDate "1993.07.??"]
[Source "www.chesslib.no"]
[SourceDate "2004.05.04"]

1. e4 e5 2. Nf3 Nc6 3. Bb5 a6 4. Ba4 d6 5. c3 Bd7 6. d4 Nge7 7. O-O Ng6 8. Re1 Be7 9. Nbd2 O-O 10. Nf1 Bg4 11. Bxc6 bxc6 12. Ne3 Bxf3 13. Qxf3 Bf6 14. Nf5 Re8 15. dxe5 Bxe5 16. Be3 a5 17. Rad1 a4 18. Bc1 Qf6 19. Qd3 a3 1/2-1/2

[Event "34th Olympiad, Istanbul TUR"]
[Site "?"]
[Date "2000.??.??"]
[Round "7"]
[White "Al Modiahki, M."]
[Black "Roselli Mailhe, B."]
[Result "0-1"]
[WhiteElo "2495"]
[BlackElo "2400"]
[PlyCount "119"]
[EventDate "2000.??.??"]
[Source "www.chesslib.no"]
[SourceDate "2004.05.04"]

1. e4 e5 2. Nf3 Nc6 3. Bb5 a6 4. Ba4 d6 5. c3 Bd7 6. d4 Nge7 7. Be3 Ng6 8. h4 Be7 9. g3 h6 10. Nbd2 exd4 11. cxd4 d5 12. e5 b5 13. Bc2 Nf8 14. Rc1 Na5 15. Nh2 Ne6 16. f4 c5 17. f5 Nxd4 18. Bxd4 cxd4 19. e6 Bc6 20. exf7+ Kxf7 21. Qh5+ Kg8 22. f6 Bxf6 23. O-O Be8 24. Qf3 h5 25. b3 Nc6 26. Bf5 Qd6 27. Rce1 Be5 28. Bb1 Rh6 29. Re2 Bg6 30. Bxg6 Rxg6 31. Qxh5 Bxg3 32. Kh1 Bxh2 33. Rxh2 Qe6 34. Re2 Qh3+ 35. Rh2 Qe6 36. Re2 Qg4 37. Qxd5+ Kh7 38. Qe4 Qxe4+ 39. Rxe4 Kg8 40. h5 Rh6 41. Rh4 Re8 42. Ne4 Re5 43. Ng3 Rg5 44. Kh2 Re6 45. Rf3 Ne5 46. Rff4 Rc6 47. Rf5 Rxf5 48. Nxf5 d3 49. Ne7+ Kh7 50. Kg3 d2 51. Rd4 Rc3+ 52. Kf2 Nf3 53. Nd5 b4 54. Rxd2 Nxd2 55. Nxc3 bxc3 56. Ke2 Ne4 57. Kd3 Kh6 58. b4 Kxh5 59. a4 g5 60. Kd4 0-1

[Event "Noviki-A"]
[Site "Budapest"]
[Date "1987.??.??"]
[Round "?"]
[White "Tischbierek, Raj"]
[Black "Tatai, Stefano"]
[Result "1-0"]
[WhiteElo "2480"]
[BlackElo "2415"]
[PlyCount "49"]
[EventDate "1987.09.??"]
[Source "ChessBase"]

1. e4 e5 2. Nf3 Nc6 3. Bb5 a6 4. Ba4 d6 5. c3 Bd7 6. d4 Nge7 7. Bb3 h6 8. Na3 Ng6 9. Nc4 Be7 10. Ne3 Bg5 11. Nxg5 hxg5 12. g3 Nce7 13. Qf3 f6 14. Bd2 Qc8 15. O-O-O Be6 16. d5 Bf7 17. Rdg1 Qh3 18. Qd1 O-O 19. g4 Nf4 20. Rg3 Qh7 21. Bc2 Neg6 22. Nf5 Nh4 23. Bxf4 Nxf5 24. exf5 exf4 25. h4 1-0

[Event "Romania"]
[Site "?"]
[Date "1997.??.??"]
[Round "?"]
[White "Istratescu, A."]
[Black "Radovici, C."]
[Result "1-0"]
[WhiteElo "2545"]
[BlackElo "2345"]
[PlyCount "77"]
[EventDate "1997.??.??"]
[Source "ChessBase"]
[SourceDate "1997.02.01"]

1. e4 e5 2. Nf3 Nc6 3. Bb5 a6 4. Ba4 d6 5. c3 Bd7 6. d4 Nge7 7. Be3 Ng6 8. d5 Nb8 9. Bxd7+ Nxd7 10. c4 Be7 11. Nc3 h6 12. Qd2 Nf6 13. h3 Nh7 14. g3 Bg5 15. Nxg5 hxg5 16. c5 Qf6 17. O-O-O O-O 18. Qe2 Qe7 19. Qc4 Rfc8 20. Qb4 Rab8 21. Kb1 Nhf8 22. Rc1 f6 23. Na4 Nd7 24. cxd6 Qxd6 25. Qb3 b5 26. Nc5 Kh7 27. Qd1 Ndf8 28. Qg4 Kg8 29. h4 gxh4 30. gxh4 Re8 31. Rhg1 Re7 32. h5 Nf4 33. Bxf4 exf4 34. Nd3 Rb6 35. Nxf4 c5 36. Ng6 Rc7 37. Qf5 c4 38. h6 b4 39. Nxf8 1-0

[Event "Istanbul ol (Men)"]
[Site "Istanbul"]
[Date "2000.11.09"]
[Round "12"]
[White "El Taher, Fouad"]
[Black "Roselli Mailhe, Bernardo"]
[Result "1-0"]
[WhiteElo "2485"]
[BlackElo "2400"]
[PlyCount "73"]
[EventDate "2000.10.??"]
[Source "www.chesslib.no"]
[SourceDate "2004.05.04"]

1. e4 e5 2. Nf3 Nc6 3. Bb5 a6 4. Ba4 d6 5. c3 Bd7 6. d4 Nge7 7. Be3 Ng6 8. O-O Be7 9. d5 Nb8 10. c4 O-O 11. Bxd7 Nxd7 12. Nc3 f5 13. exf5 Rxf5 14. Ne4 Ndf8 15. Rc1 Nf4 16. g3 N4g6 17. Kg2 h5 18. h4 b6 19. Nfg5 Bxg5 20. Bxg5 Qe8 21. b4 Nd7 22. c5 bxc5 23. bxc5 Nxc5 24. Nxc5 dxc5 25. Rxc5 Qf7 26. Qe2 e4 27. Qxe4 Re8 28. Qc2 Ne5 29. Be3 Re7 30. Rb1 Kh7 31. Rb7 Rd7 32. Ra7 Nf3 33. Qe4 g6 34. Bf4 Nxh4+ 35. Kh3 g5 36. Rcxc7 g4+ 37. Kh2 1-0

[Event "Turin ITA"]
[Site "?"]
[Date "2006.06.02"]
[Round "11"]
[White "Vocaturo Daniele"]
[Black "Garcia Palermo Carlos H"]
[Result "1/2-1/2"]
[WhiteElo "2402"]
[BlackElo "2476"]
[PlyCount "86"]
[EventDate "2006.??.??"]
[Source "www.chesslib.no"]
[SourceDate "2004.05.04"]

1. e4 e5 2. Nf3 Nc6 3. Bb5 a6 4. Ba4 d6 5. c3 Bd7 6. d4 Nge7 7. Be3 Ng6 8. h4 Be7 9. g3 Bf6 10. d5 Nb8 11. Bxd7+ Nxd7 12. c4 h5 13. Nc3 a5 14. Kf1 Be7 15. Nd2 Ngf8 16. a3 g6 17. Qc2 Nh7 18. Kg2 O-O 19. Bh6 Re8 20. b4 axb4 21. axb4 Rxa1 22. Rxa1 g5 23. hxg5 Bxg5 24. Bxg5 Nxg5 25. Rh1 Nf6 26. Nf1 Kh8 27. Ne3 Rg8 28. c5 c6 29. dxc6 bxc6 30. Rd1 Qc8 31. Rh1 dxc5 32. bxc5 Qf8 33. Ne2 Ngxe4 34. Nc3 Nxc5 35. Qf5 Rg6 36. Qxe5 Ncd7 37. Qf4 Qc5 38. Ne4 Qd4 39. Rd1 Qxe4+ 40. Qxe4 Nxe4 41. Rxd7 Nd6 42. Rc7 h4 43. Rxc6 hxg3 1/2-1/2

[Event "Dieren op"]
[Site "Dieren"]
[Date "1998.??.??"]
[Round "4"]
[White "Visser, Yge"]
[Black "Safin, Shukhrat"]
[Result "0-1"]
[WhiteElo "2360"]
[BlackElo "2510"]
[PlyCount "123"]
[EventDate "1998.08.??"]
[Source "www.chesslib.no"]
[SourceDate "2004.05.04"]

1. e4 e5 2. Nf3 Nc6 3. Bb5 a6 4. Ba4 d6 5. c3 Bd7 6. d4 Nge7 7. Be3 Ng6 8. h4 Be7 9. h5 Nf8 10. Nbd2 exd4 11. cxd4 h6 12. Nf1 d5 13. e5 Na5 14. Ng3 b5 15. Bc2 Nc4 16. Bc1 Bb4+ 17. Kf1 Ne6 18. Nf5 Bf8 19. g3 Qc8 20. b3 Na3 21. Bd3 b4 22. Bxa3 bxa3 23. Rc1 Qb7 24. Kg2 Bb4 25. Qe2 Qb6 26. Qe3 Ba5 27. N3h4 Qb4 28. f4 Bb6 29. Nf3 O-O 30. Qe1 Qxe1 31. Rhxe1 Rfe8 32. Rcd1 a5 33. Bc2 Bc6 34. Kh2 Bb7 35. Bd3 Nd8 36. Ne3 Nc6 37. Bb5 Red8 38. Nc2 Nb4 39. Nxb4 axb4 40. Rc1 Bc8 41. Be2 Ra5 42. Red1 c5 43. dxc5 Rxc5 44. Rxc5 Bxc5 45. Nd4 Bd7 46. g4 Rc8 47. Kg3 Bb6 48. Bf3 Rc3 49. Rd2 Kf8 50. Kg2 Bxd4 51. Rxd4 Rc2+ 52. Kg3 Rxa2 53. Rxb4 Ra1 54. Rb8+ Ke7 55. Ra8 a2 56. Kg2 d4 57. f5 d3 58. Ra6 Rc1 59. f6+ gxf6 60. exf6+ Kd8 61. g5 a1=Q 62. Rxa1 0-1

[Event "GM"]
[Site "Cartak"]
[Date "2003.11.13"]
[Round "4"]
[White "Petrik, Tomas"]
[Black "Vokac, Marek"]
[Result "0-1"]
[WhiteElo "2403"]
[BlackElo "2462"]
[PlyCount "100"]
[EventDate "2003.11.11"]
[Source "Roberto Alvarez"]
[SourceDate "2003.12.01"]

1. e4 e5 2. Nf3 Nc6 3. Bb5 a6 4. Ba4 d6 5. c3 Bd7 6. d4 Nge7 7. Bb3 h6 8. Nbd2 Ng6 9. Nf1 Be7 10. Ng3 Nh4 11. Nxh4 Bxh4 12. Be3 O-O 13. Qd2 Qe7 14. Bc2 Rae8 15. O-O Bxg3 16. hxg3 exd4 17. cxd4 f5 18. exf5 Bxf5 19. Bb3+ Kh7 20. Rae1 Qf6 21. Rc1 Re7 22. f3 Rfe8 23. Rfe1 Nd8 24. g4 Bg6 25. Bf2 c6 26. Rxe7 Rxe7 27. Bg3 Nf7 28. Kf2 Re4 29. d5 c5 30. Kg1 Re8 31. a4 Ne5 32. Re1 Nxf3+ 33. gxf3 Qxf3 34. Bxd6 Rxe1+ 35. Qxe1 Qxb3 36. Bxc5 Qxd5 37. Qe7 Qd1+ 38. Kf2 Qxg4 39. b4 Qf4+ 40. Ke1 Qe4+ 41. Qxe4 Bxe4 42. Kf2 Bc6 43. a5 g5 44. Be7 Kg6 45. Kg3 h5 46. Bd8 Kf5 47. Kf2 Kg4 48. Ke3 Kg3 49. Bxg5 h4 50. Ke2 h3 0-1

[Event "Makarczyk mem"]
[Site "Lodz"]
[Date "1980.??.??"]
[Round "1"]
[White "Kharitonov, Andrei Y"]
[Black "Luczak, Andrzej"]
[Result "1-0"]
[WhiteElo "2435"]
[BlackElo "2430"]
[PlyCount "137"]
[EventDate "1980.04.??"]
[Source "ChessBase"]

1. e4 e5 2. Nf3 Nc6 3. Bb5 a6 4. Ba4 d6 5. c3 Bd7 6. d4 Nge7 7. Bb3 h6 8. Nbd2 Ng6 9. Nf1 Be7 10. Ne3 O-O 11. d5 Nb8 12. g3 c6 13. h4 Re8 14. Nh2 cxd5 15. Bxd5 Bc6 16. Nf5 Bf8 17. Ng4 Bxd5 18. Qxd5 Nc6 19. Nge3 Re6 20. O-O Nge7 21. Nxe7+ Bxe7 22. Nf5 Bf8 23. Rd1 Kh7 24. h5 Qd7 25. Qd3 Rf6 26. Qe2 Rxf5 27. Qg4 g6 28. hxg6+ fxg6 29. exf5 gxf5 30. Qh5 Bg7 31. Be3 Qe6 32. c4 Rg8 33. Qh3 Bf8 34. Rac1 Rg4 35. f3 Rg6 36. Bf2 Qf7 37. Re1 Bg7 38. b3 Nd8 39. Rcd1 Ne6 40. Kf1 Ng5 41. Qh5 f4 42. gxf4 Qxf4 43. Qg4 Qf7 44. Ke2 e4 45. fxe4 Re6 46. Kf1 Rf6 47. Re2 Rf4 48. Qg2 Be5 49. Rd3 Qh5 50. Ke1 Rg4 51. Qf1 Nxe4 52. Rh3 Qg6 53. Kd1 Rg2 54. Be1 Nc5 55. Rxg2 Qd3+ 56. Qxd3+ Nxd3 57. Bd2 Nc5 58. Ke2 Ne4 59. Be3 Bf6 60. Bf4 Be7 61. Ke3 Ng5 62. Rd2 Nf7 63. Ke4 Kg6 64. Kd5 h5 65. Re2 Bf6 66. Bxd6 Nxd6 67. Kxd6 Bd4 68. Kd5 Bf6 69. Kc5 1-0

[Event "Cup"]
[Site "Riga LAT"]
[Date "1982.??.??"]
[Round "?"]
[White "Vitolins, Alvis"]
[Black "Cherepkov, Alexander V"]
[Result "1/2-1/2"]
[WhiteElo "2470"]
[BlackElo "2395"]
[PlyCount "84"]
[EventDate "1982.??.??"]
[Source "www.chesslib.no"]
[SourceDate "2004.05.04"]

1. e4 e5 2. Nf3 Nc6 3. Bb5 a6 4. Ba4 d6 5. c3 Bd7 6. d4 Nge7 7. Bg5 h6 8. Bxe7 Bxe7 9. O-O O-O 10. Nbd2 Bf6 11. d5 Ne7 12. c4 c5 13. dxc6 bxc6 14. c5 d5 15. b4 g5 16. Nb3 Bg7 17. Nfd2 f5 18. f3 g4 19. Na5 h5 20. Kh1 Qe8 21. exd5 Nxd5 22. Ndc4 Nc3 23. Qb3 Nxa4 24. Nb6+ Be6 25. Qxa4 Rd8 26. Qxc6 Qf7 27. Rae1 Rd2 28. a4 Rfd8 29. Nb7 R8d4 30. Nd6 Qg6 31. Qe8+ Qxe8 32. Nxe8 Rxb4 33. fxg4 hxg4 34. Nxg7 Kxg7 35. Rxe5 Re4 36. Rxe4 fxe4 37. Rc1 e3 38. Kg1 e2 39. Re1 g3 40. hxg3 Rc2 41. Kf2 Bg4 42. Ke3 Rxc5 1/2-1/2

[Event "4. EU Ch.sf.1"]
[Site "IV EU Ch.sf.1"]
[Date "1992.??.??"]
[Round "?"]
[White "Finocchiaro"]
[Black "Werner"]
[Result "1/2-1/2"]
[WhiteElo "2435"]
[BlackElo "2430"]
[PlyCount "69"]
[EventDate "1992.??.??"]
[Source "www.chesslib.no"]
[SourceDate "2004.05.04"]

1. e4 e5 2. Nf3 Nc6 3. Bb5 a6 4. Ba4 d6 5. c3 Bd7 6. d4 Nge7 7. Bb3 h6 8. Nbd2 Ng6 9. Nc4 Be7 10. Ne3 O-O 11. O-O Bf6 12. Nd5 Re8 13. Re1 Na5 14. Bc2 Bg4 15. h3 Be6 16. Nxf6+ Qxf6 17. d5 Bd7 18. Bd3 b5 19. Nh2 Nf4 20. Bf1 Qg6 21. Kh1 Re7 22. Qf3 Nh5 23. Bd3 Nf6 24. b3 Nb7 25. c4 c6 26. Bd2 Nc5 27. Rac1 bxc4 28. bxc4 cxd5 29. cxd5 Bb5 30. Bb1 Rb7 31. Ng4 Nxg4 32. Qxg4 Qxg4 33. hxg4 Rab8 34. Bb4 Rc8 35. Ba3 1/2-1/2

[Event "It (Open) Moscow RUS"]
[Site "?"]
[Date "2006.01.31"]
[Round "3"]
[White "Chebotarev Oleg"]
[Black "Zilbert Oleg"]
[Result "1/2-1/2"]
[WhiteElo "2494"]
[BlackElo "2370"]
[PlyCount "92"]
[EventDate "2006.??.??"]
[Source "www.chesslib.no"]
[SourceDate "2004.05.04"]

1. e4 e5 2. Nf3 Nc6 3. Bb5 a6 4. Ba4 d6 5. c3 Bd7 6. d4 Nge7 7. O-O Ng6 8. d5 Nb8 9. c4 Be7 10. Nc3 O-O 11. Bxd7 Nxd7 12. Be3 Nh4 13. Nxh4 Bxh4 14. Qd2 h6 15. b4 Bg5 16. Na4 Bxe3 17. Qxe3 f5 18. Nc3 f4 19. Qd3 f3 20. g3 b6 21. Rfe1 Qg5 22. a3 Qh5 23. Qf1 Rf6 24. Nb1 Rg6 25. Nd2 Nf6 26. a4 a5 27. bxa5 Rxa5 28. Ra3 Nd7 29. Nxf3 Nc5 30. Nd2 Rf6 31. Rea1 Rf8 32. f3 Rfa8 33. Qd1 Qe8 34. Qc2 Rxa4 35. Rxa4 Rxa4 36. Rxa4 Qxa4 37. Qxa4 Nxa4 38. Kf2 Kf7 39. f4 Nb2 40. Ke3 Kf6 41. h4 h5 42. Ke2 g6 43. Ke3 Ke7 44. Kf3 Kf6 45. Ke3 Ke7 46. Kf3 Kf6 1/2-1/2

[Event "Barcelona Vulca"]
[Site "Barcelona ESP"]
[Date "1990.??.??"]
[Round "5"]
[White "Vehi Bach, Victor M"]
[Black "Campos Moreno, Javier B"]
[Result "1/2-1/2"]
[WhiteElo "2415"]
[BlackElo "2440"]
[PlyCount "163"]
[EventDate "1990.06.??"]
[Source "www.chesslib.no"]
[SourceDate "2004.05.04"]

1. e4 e5 2. Nf3 Nc6 3. Bb5 a6 4. Ba4 d6 5. c3 Bd7 6. d4 Nge7 7. O-O Ng6 8. Re1 Be7 9. Nbd2 h6 10. Nf1 Bg5 11. d5 Nb8 12. Bxd7+ Nxd7 13. c4 a5 14. Ng3 Bxc1 15. Rxc1 Nf4 16. Ne2 Nxe2+ 17. Rxe2 O-O 18. b3 f5 19. exf5 Rxf5 20. Nd2 Nc5 21. Ne4 Nxe4 22. Rxe4 Qf6 23. Rc2 Rf8 24. f3 b6 25. Rc3 Qg6 26. Qe2 R8f6 27. Rce3 Qf7 28. Kf2 g5 29. Kg1 h5 30. h3 Rf4 31. Rxf4 gxf4 32. Re4 Qd7 33. a4 Rg6 34. Kf1 Kg7 35. Qf2 Rg5 36. Qe2 Kf6 37. Qf2 Ke7 38. Qh4 Qf5 39. Qf2 Kd8 40. Qh4 Kc8 41. Qf2 Kb7 42. Qd2 Rg8 43. Qf2 Qg5 44. Re2 Qg3 45. Qxg3 Rxg3 46. Kf2 h4 47. Re1 Kc8 48. Re2 Kd7 49. Re1 Rg8 50. Re2 Rc8 51. Rd2 c6 52. Ke2 cxd5 53. Rxd5 Rc5 54. Rd2 Ke6 55. Kd3 d5 56. Rb2 Kf5 57. cxd5 Rxd5+ 58. Kc3 Rd1 59. b4 Rc1+ 60. Kb3 e4 61. fxe4+ Kxe4 62. bxa5 bxa5 63. Rd2 Rb1+ 64. Kc3 Rb4 65. Re2+ Kd5 66. Rd2+ Ke5 67. Re2+ Kd5 68. Rd2+ Kc5 69. Rd8 Rxa4 70. Rh8 Ra3+ 71. Kd2 Ra2+ 72. Kd3 Rxg2 73. Rxh4 Rf2 74. Rh8 a4 75. Ke4 a3 76. Ra8 Kb4 77. h4 Rh2 78. Rb8+ Kc3 79. Rc8+ Kb2 80. Rb8+ Kc1 81. Ra8 Kb2 82. Rb8+ 1/2-1/2

[Event "Neubrandenburg op"]
[Site "Neubrandenburg"]
[Date "1998.05.10"]
[Round "6"]
[White "Luther, Thomas"]
[Black "Weyrich, Morten"]
[Result "1/2-1/2"]
[WhiteElo "2510"]
[BlackElo "2345"]
[PlyCount "57"]
[EventDate "1998.05.07"]
[Source "ChessBase"]
[SourceDate "1998.09.09"]

1. e4 e5 2. Nf3 Nc6 3. Bb5 a6 4. Ba4 d6 5. c3 Bd7 6. d4 Nge7 7. Be3 Ng6 8. h4 Be7 9. h5 Nh4 10. Nxh4 Bxh4 11. d5 Nb8 12. Bxd7+ Nxd7 13. Qg4 Bf6 14. Nd2 Nf8 15. c4 b6 16. g3 h6 17. Qe2 Qd7 18. Kf1 Nh7 19. Kg2 O-O 20. b4 Be7 21. c5 f5 22. f3 fxe4 23. fxe4 bxc5 24. bxc5 Bg5 25. Bxg5 Nxg5 26. c6 Qc8 27. Rab1 Rb8 28. Rb3 a5 29. Rxb8 1/2-1/2

[Event "Eurodata"]
[Site "Budapest HUN"]
[Date "1992.??.??"]
[Round "13"]
[White "Sherzer, Alex"]
[Black "Anic, Darko"]
[Result "1/2-1/2"]
[WhiteElo "2460"]
[BlackElo "2395"]
[PlyCount "35"]
[EventDate "1992.10.??"]
[Source "www.chesslib.no"]
[SourceDate "2004.05.04"]

1. e4 e5 2. Nf3 Nc6 3. Bb5 a6 4. Ba4 d6 5. c3 Bd7 6. d4 Nge7 7. h4 h6 8. Be3 Ng8 9. Nbd2 b5 10. Bb3 Nf6 11. Qe2 Be7 12. O-O-O Rb8 13. dxe5 dxe5 14. Bd5 Bd6 15. Nb3 Qe7 16. c4 bxc4 17. Qxc4 Nb4 18. Nc5 1/2-1/2

[Event "AUT-chT2O 9900"]
[Site "?"]
[Date "1999.11.13"]
[Round "3.1"]
[White "David Alberto"]
[Black "Kummer Helmut"]
[Result "1-0"]
[WhiteElo "2533"]
[BlackElo "2321"]
[PlyCount "57"]
[EventDate "1999.??.??"]
[Source "www.chesslib.no"]
[SourceDate "2004.05.04"]

1. e4 e5 2. Nf3 Nc6 3. Bb5 a6 4. Ba4 d6 5. c3 Bd7 6. d4 Nge7 7. h4 h6 8. h5 Ng8 9. Nbd2 Nf6 10. d5 Ne7 11. Bxd7+ Qxd7 12. c4 Qg4 13. g3 c5 14. a3 Nc8 15. b4 b6 16. Rb1 Be7 17. bxc5 bxc5 18. Rb7 Nxe4 19. Qa4+ Kf8 20. Qc6 Nxd2 21. Nxd2 Bg5 22. O-O Bxd2 23. Qc7 Kg8 24. Qxf7+ Kh7 25. Bxd2 Rg8 26. Rc1 a5 27. Bxh6 Nb6 28. Be3 Raf8 29. Qg6+ 1-0

[Event "Kragujevac"]
[Site "Kragujevac"]
[Date "1984.??.??"]
[Round "3"]
[White "Tringov, Georgi P"]
[Black "Novoselski, Zoran"]
[Result "1/2-1/2"]
[WhiteElo "2435"]
[BlackElo "2410"]
[PlyCount "60"]
[EventDate "1984.02.??"]
[Source "ChessBase"]

1. e4 e5 2. Nf3 Nc6 3. Bb5 a6 4. Ba4 d6 5. c3 Bd7 6. d4 Nge7 7. Bb3 h6 8. Nbd2 Ng6 9. Nc4 Be7 10. Ne3 Bg5 11. Nxg5 hxg5 12. g3 Na5 13. Bc2 b5 14. Nf5 Kf8 15. O-O Kg8 16. a4 f6 17. axb5 axb5 18. dxe5 Nxe5 19. Qd5+ Kf8 20. f4 gxf4 21. gxf4 Ng4 22. b4 Nc6 23. Bb3 Be8 24. Rxa8 Qxa8 25. h3 Qa7+ 26. Kg2 Nh6 27. Nxh6 Ne7 28. Qd4 Qxd4 29. cxd4 Rxh6 30. Bd2 f5 1/2-1/2

[Event "Torre Blanca ITT 13th"]
[Site "Buenos Aires"]
[Date "2001.10.20"]
[Round "3"]
[White "Flores, Diego"]
[Black "Roselli, Bernardo"]
[Result "1-0"]
[WhiteElo "2413"]
[BlackElo "2426"]
[PlyCount "81"]
[EventDate "2001.10.19"]
[Source "ChessBase"]
[SourceDate "2002.01.21"]

1. e4 e5 2. Nf3 Nc6 3. Bb5 a6 4. Ba4 d6 5. c3 Bd7 6. d4 Nge7 7. Be3 Ng6 8. h4 Be7 9. g3 h6 10. d5 Nb8 11. c4 O-O 12. Bxd7 Qxd7 13. Nc3 f5 14. exf5 Qxf5 15. Nd2 e4 16. Qc2 Ne5 17. Qxe4 Qf7 18. O-O-O Nbd7 19. Rhe1 Kh8 20. f4 Nf6 21. Qf5 Nxd5 22. Qxf7 Nd3+ 23. Kb1 Nxc3+ 24. bxc3 Rxf7 25. Re2 Bf8 26. Nf3 Ne5 27. Nxe5 dxe5 28. fxe5 Re8 29. Bf4 Re6 30. Rd8 Kh7 31. Red2 Kg6 32. Kc2 Bc5 33. Kd3 Kf5 34. h5 c6 35. Rb2 Kg4 36. Rh2 Kf3 37. Kd2 Kg4 38. Ke2 Ree7 39. Rd3 Rd7 40. Rf3 Kf5 41. Be3+ 1-0

[Event "POL Ch 51th"]
[Site "Gdansk POL"]
[Date "1994.??.??"]
[Round "12"]
[White "Pedzich, Dominik"]
[Black "Grabarczyk, Miroslaw"]
[Result "0-1"]
[WhiteElo "2400"]
[BlackElo "2435"]
[PlyCount "120"]
[EventDate "1994.03.13"]
[Source "www.chesslib.no"]
[SourceDate "2004.05.04"]

1. e4 e5 2. Nf3 Nc6 3. Bb5 a6 4. Ba4 d6 5. c3 Bd7 6. d4 Nge7 7. h4 h6 8. Be3 Ng8 9. Nbd2 Nf6 10. d5 Nb8 11. Bxd7+ Nbxd7 12. Qb3 Qc8 13. O-O-O c6 14. Nh2 cxd5 15. exd5 b5 16. Rhe1 Be7 17. g4 b4 18. c4 Nxd5 19. Kb1 Nxe3 20. Qxe3 O-O 21. g5 hxg5 22. hxg5 Nc5 23. Rg1 Qf5+ 24. Ka1 g6 25. f4 Kg7 26. fxe5 Qxe5 27. Ng4 Bxg5 28. Qxe5+ dxe5 29. Nf3 Bf4 30. Ngxe5 Bxe5 31. Nxe5 Rfe8 32. Nc6 Re2 33. Rd5 Na4 34. Rb1 Rc8 35. Nxb4 Rxc4 36. a3 Nc5 37. Ka2 a5 38. Nc6 a4 39. Nb4 Ne4 40. Ka1 Nd2 41. Rd1 Nb3+ 42. Ka2 Rh4 43. Rd7 Rhh2 44. Nd3 Rd2 45. Rf1 Kh6 46. Rg1 Rh3 47. Ne5 Rxd7 48. Nxd7 Re3 49. Rg4 Re7 50. Nb6 Nc5 51. Rc4 Re5 52. Nxa4 Nxa4 53. Rxa4 f5 54. b4 f4 55. b5 g5 56. b6 Re8 57. Rb4 f3 58. Rb1 g4 59. a4 f2 60. b7 g3 0-1

[Event "Corr"]
[Site "?"]
[Date "2000.??.??"]
[Round "?"]
[White "Krohalev Sergei F"]
[Black "Levertov Akivo Ruvimovich"]
[Result "1-0"]
[WhiteElo "2435"]
[BlackElo "2395"]
[PlyCount "61"]
[EventDate "2000.??.??"]
[Source "www.chesslib.no"]
[SourceDate "2004.05.04"]

1. e4 e5 2. Nf3 Nc6 3. Bb5 a6 4. Ba4 d6 5. c3 Bd7 6. d4 Nge7 7. O-O h6 8. Be3 g5 9. dxe5 dxe5 10. Qc2 Bg7 11. Rd1 O-O 12. h4 g4 13. Nh2 Qe8 14. Qd2 Be6 15. Bxh6 f6 16. Bxg7 Kxg7 17. Qe2 Qh5 18. g3 Ng6 19. Bb3 Bc8 20. Nd2 f5 21. exf5 Bxf5 22. Ndf1 e4 23. Ne3 Nce5 24. Nxf5+ Rxf5 25. Qxe4 Raf8 26. Rd2 Nxh4 27. gxh4 Qxh4 28. f3 Qg5 29. fxg4 Rf4 30. Qxb7 Qe7 31. Re1 1-0